Statistics for Top 5 Songs On Off The Wall (Michael Jackson)

Click here to take the quiz!

General Stats

  • This quiz has been taken 8 times
  • The average score is 4 of 5

Answer Stats

HintAnswer% Correct
366,158,658Rock With You - Single Version
100%
403,777,693Don't Stop 'Til You Get Enough
88%
75,519,232Off The Wall
75%
46,695,271She's Out Of My Life - Single Version
63%
46,413,890Workin' Day and Night
38%

Score Distribution

Percentile by Number Answered

Percent of People with Each Score

Your Score History

You have not taken this quiz